[Event "MNT-chT"]
[Site "Cetinje"]
[Date "2010.10.08"]
[Round "7"]
[White "Darmanovic, Srdjan"]
[Black "Marinkovic, Slavisa"]
[Result "1/2-1/2"]
[WhiteElo "2274"]
[BlackElo "2410"]
[PlyCount "96"]
[EventDate "2010.08.27"]
[EventType "team-tourn"]
[EventRounds "9"]
[EventCountry "MNE"]
[SourceTitle "CBM 138 Extra"]
[Source "ChessBase"]
[SourceDate "2010.10.29"]
[SourceVersion "1"]
[SourceVersionDate "2010.10.29"]
[SourceQuality "1"]

1. Nf3 Nf6 2. c4 b6 3. g3 c5 4. Bg2 Bb7 5. 0-0 g6 6. Nc3 Bg7 7. d4 cxd4 8. Qxd4 d6 9. Rd1 Nbd7 10. Be3 a6 11. Rac1 Rc8 12. b3 0-0 13. Qh4 Re8 14. Bh3 h5 15. Bg5 Rc7 16. Nd5 Nxd5 17. cxd5 Rxc1 18. Bxc1 Nf6 19. e4 Qc7 20. Nd4 e5 21. dxe6 Nxe4 22. Bg2 Bxd4 23. Bxe4 Rxe6 24. Bxb7 Bf6 25. Qb4 Qxb7 26. Be3 d5 27. Bd4 Bxd4 28. Qxd4 Rd6 29. Re1 Qd7 30. h4 a5 31. Kg2 f6 32. Re3 Kg7 33. Rc3 Kf7 34. a4 Qg4 35. Rc7+ Ke6 36. Qd2 Qe4+ 37. Kh2 d4 38. Rc8 Kd7 39. Rc4 Ke6 40. Rc8 Kd7 41. Rc4 Qe5 42. Qh6 Qe8 43. Qg7+ Ke6 44. Qb7 f5 45. Rc8 Qd7 46. Rc7 Qe8 47. Rc8 Qd7 48. Rc7 Qe8 1/2-1/2

[Event "Podgorica Zeta CC-ch 12th"]
[Site "Podgorica"]
[Date "2010.01.26"]
[Round "7"]
[White "Jankovic, Slobodan"]
[Black "Darmanovic, Srdjan"]
[Result "0-1"]
[WhiteElo "1871"]
[BlackElo "2282"]
[PlyCount "50"]
[EventDate "2010.01.20"]
[EventType "tourn"]
[EventRounds "9"]
[EventCountry "MNE"]
[SourceTitle "EXT 2012"]
[Source "ChessBase"]
[SourceDate "2011.11.24"]
[SourceVersion "1"]
[SourceVersionDate "2011.11.24"]
[SourceQuality "1"]

1. e4 Nf6 2. Nc3 d5 3. exd5 Nxd5 4. Nxd5 Qxd5 5. Nf3 Nc6 6. c3 e5 7. d3 Be7 8. Be2 Be6 9. Ng5 Bxg5 10. Bf3 Qd8 11. Bxg5 Qxg5 12. Qa4 0-0 13. Bxc6 bxc6 14. Qxc6 Rad8 15. c4 Rxd3 16. 0-0 Qd8 17. b3 Qd6 18. Qb7 Qb6 19. Qe4 Qd4 20. Qb7 Rd2 21. Rae1 Bf5 22. Qxc7 Bd3 23. Qxe5 Qxe5 24. Rxe5 Bxf1 25. Kxf1 Rxa2 0-1

[Event "MNT-chT"]
[Site "Cetinje"]
[Date "2009.10.25"]
[Round "9"]
[White "Todorovic, Goran N"]
[Black "Darmanovic, Srdjan"]
[Result "1/2-1/2"]
[WhiteElo "2384"]
[BlackElo "2273"]
[PlyCount "115"]
[EventDate "2009.09.18"]
[EventType "team-tourn"]
[EventRounds "9"]
[EventCountry "MNE"]
[SourceTitle "EXT 2011"]
[Source "ChessBase"]
[SourceDate "2010.11.26"]
[SourceVersion "1"]
[SourceVersionDate "2010.11.26"]
[SourceQuality "1"]

1. Nf3 d5 2. c4 c6 3. d4 Nf6 4. Qc2 a6 5. Bf4 g6 6. Nbd2 Bg7 7. e3 0-0 8. Be2 Bf5 9. Qb3 Ra7 10. 0-0 Nbd7 11. h3 h6 12. Rac1 g5 13. Bh2 e6 14. Bd3 Ne4 15. Rfd1 Ndc5 16. dxc5 Nxc5 17. Qa3 Nxd3 18. Rb1 c5 19. cxd5 exd5 20. Nb3 b6 21. Na1 Nb4 22. Rbc1 Qe7 23. Ne1 Qf6 24. Rd2 a5 25. Qa4 Bd7 26. Qa3 Bb5 27. Rcd1 Re8 28. Nac2 Rae7 29. Nf3 Bc6 30. Nce1 Re4 31. Bg3 h5 32. Nd3 Nxd3 33. Qxd3 h4 34. Bc7 g4 35. hxg4 Rxg4 36. Nh2 Rb4 37. b3 c4 38. Qc2 h3 39. g3 a4 40. bxc4 Rxc4 41. Qd3 Bb7 42. Bf4 Rc3 43. Qf1 Qf5 44. Nf3 d4 45. Nxd4 h2+ 46. Kxh2 Bxd4 47. Rxd4 Kg7 48. g4 Qf6 49. f3 Rh8+ 50. Kg1 Qh4 51. Qg2 Rc2 52. Be5+ f6 53. Rd7+ Kf8 54. Rd8+ Kf7 55. R1d7+ Ke6 56. Rd6+ Kf7 57. R8d7+ Ke8 58. Rd8+ 1/2-1/2

[Event "MNT-chT"]
[Site "Cetinje"]
[Date "2009.09.20"]
[Round "3"]
[White "Darmanovic, Srdjan"]
[Black "Scekic, Nenad"]
[Result "1/2-1/2"]
[WhiteElo "2273"]
[BlackElo "2116"]
[PlyCount "38"]
[EventDate "2009.09.18"]
[EventType "team-tourn"]
[EventRounds "9"]
[EventCountry "MNE"]
[SourceTitle "EXT 2011"]
[Source "ChessBase"]
[SourceDate "2010.11.26"]
[SourceVersion "1"]
[SourceVersionDate "2010.11.26"]
[SourceQuality "1"]

1. Nf3 Nc6 2. c4 Nf6 3. g3 d6 4. Nc3 e5 5. Bg2 Be7 6. 0-0 0-0 7. d3 a6 8. Rb1 Nd4 9. e3 Nxf3+ 10. Bxf3 c6 11. b4 d5 12. cxd5 cxd5 13. e4 d4 14. Nd5 Be6 15. Qb3 Rc8 16. Bd2 Nxd5 17. exd5 Bf5 18. Rfe1 Bd6 19. Rbc1 Qf6 1/2-1/2

[Event "MNT-chT"]
[Site "Cetinje"]
[Date "2009.09.19"]
[Round "2"]
[White "Cetkovic, Miodrag"]
[Black "Darmanovic, Srdjan"]
[Result "1/2-1/2"]
[WhiteElo "2277"]
[BlackElo "2273"]
[PlyCount "77"]
[EventDate "2009.09.18"]
[EventType "team-tourn"]
[EventRounds "9"]
[EventCountry "MNE"]
[SourceTitle "EXT 2011"]
[Source "ChessBase"]
[SourceDate "2010.11.26"]
[SourceVersion "1"]
[SourceVersionDate "2010.11.26"]
[SourceQuality "1"]

1. e4 c6 2. d4 d5 3. f3 dxe4 4. fxe4 e5 5. Nf3 Bg4 6. Bc4 Nd7 7. c3 Ngf6 8. Qb3 Bh5 9. Ng5 Qe7 10. Qxb7 Rb8 11. Qxc6 h6 12. Nf3 exd4 13. 0-0 dxc3 14. Nxc3 Qc5+ 15. Qxc5 Bxc5+ 16. Kh1 0-0 17. h3 Rfe8 18. e5 Rb4 19. Bb5 Bxf3 20. exf6 Rxb5 21. Nxb5 Be2 22. Nc7 Re5 23. Bf4 Re4 24. fxg7 Bxf1 25. Rxf1 Kxg7 26. Bd2 Bd4 27. b4 Be5 28. Na6 Re2 29. Rd1 Nb6 30. Re1 Rxd2 31. Rxe5 Rxa2 32. b5 Rb2 33. Nc7 Nc4 34. Rc5 Na3 35. Kh2 Rb3 36. h4 Nb1 37. g3 Nd2 38. g4 Ne4 39. Re5 1/2-1/2

[Event "Podgorica CC-ch"]
[Site "Podgorica"]
[Date "2008.12.22"]
[Round "7"]
[White "Stamatovic, Vladimir"]
[Black "Darmanovic, Srdjan"]
[Result "1-0"]
[WhiteElo "1995"]
[BlackElo "2272"]
[PlyCount "67"]
[EventDate "2008.12.15"]
[EventType "tourn"]
[EventRounds "9"]
[EventCountry "MNE"]
[SourceTitle "CBM 128 Extra"]
[Source "ChessBase"]
[SourceDate "2009.03.05"]
[SourceVersion "2"]
[SourceVersionDate "2009.03.25"]
[SourceQuality "1"]

1. f4 d5 2. Nf3 Bg4 3. Ne5 Bf5 4. e3 Nd7 5. Nf3 Bg4 6. Be2 Bxf3 7. Bxf3 c6 8. 0-0 e5 9. fxe5 Nxe5 10. Be2 Nf6 11. d4 Ned7 12. c4 Bd6 13. Nc3 0-0 14. cxd5 cxd5 15. Rf3 Bb4 16. Rh3 Bxc3 17. bxc3 Ne4 18. Bd3 Ndf6 19. Qc2 Re8 20. Bd2 Rc8 21. Rf1 a6 22. Be1 Qb6 23. c4 h6 24. Qe2 Ng5 25. Rg3 Nfe4 26. Rg4 dxc4 27. Bxc4 Nd6 28. Bb3 Qb5 29. Qf2 Kh8 30. h4 Nge4 31. Qf3 Rc1 32. Bxf7 Rf8 33. Rf4 Qb1 34. Bg6 1-0

[Event "MNT CupT"]
[Site "Podgorica"]
[Date "2008.04.13"]
[Round "3"]
[White "Darmanovic, Srdjan"]
[Black "Solak, Dragan"]
[Result "1/2-1/2"]
[WhiteElo "2242"]
[BlackElo "2630"]
[PlyCount "74"]
[EventDate "2008.03.16"]
[EventType "team-tourn"]
[EventRounds "5"]
[EventCountry "MNE"]
[SourceTitle "EXT 2009"]
[Source "ChessBase"]
[SourceDate "2008.11.26"]
[SourceVersion "1"]
[SourceVersionDate "2008.11.26"]
[SourceQuality "1"]

1. Nf3 c5 2. c4 Nc6 3. d4 cxd4 4. Nxd4 g6 5. e4 Bg7 6. Nc2 d6 7. Be2 Nf6 8. Nc3 Nd7 9. 0-0 0-0 10. Be3 Nc5 11. f3 f5 12. exf5 Bxf5 13. Nd4 Bd7 14. Qd2 Nxd4 15. Bxd4 Bxd4+ 16. Qxd4 Ne6 17. Qf2 Bc6 18. Rfe1 Qa5 19. Bf1 Ng5 20. Nd5 Bxd5 21. cxd5 Rae8 22. Rac1 Rf5 23. f4 Nf7 24. Qe3 Kf8 25. Bc4 Qc5 26. Bb3 Qxe3+ 27. Rxe3 Rxf4 28. Rc7 Ne5 29. Rxb7 Rc8 30. Rc3 Rxc3 31. bxc3 a5 32. Ra7 Re4 33. Kf2 Nd3+ 34. Kf3 Re5 35. Rxa5 Ne1+ 36. Kf2 Nd3+ 37. Kf3 Ne1+ 1/2-1/2

[Event "SCG-chT2"]
[Site "Sutomore"]
[Date "2004.09.12"]
[Round "5.4"]
[White "Darmanovic, Srdjan"]
[Black "Brajovic, Radovan"]
[Result "1/2-1/2"]
[WhiteElo "2186"]
[BlackElo "2303"]
[PlyCount "46"]
[EventDate "2004.09.10"]
[EventType "team-tourn"]
[EventRounds "9"]
[EventCountry "YUG"]
[SourceTitle "CBM 102 Extra"]
[Source "ChessBase"]
[SourceDate "2004.11.03"]
[SourceVersion "1"]
[SourceVersionDate "2004.11.03"]
[SourceQuality "1"]
[WhiteTeam "09"]
[BlackTeam "07"]
[WhiteTeamCountry "YUG"]
[BlackTeamCountry "YUG"]

1. c4 Nf6 2. g3 g6 3. Bg2 Bg7 4. Nc3 0-0 5. d3 e5 6. e4 Nc6 7. Nge2 d6 8. 0-0 Nh5 9. Nd5 f5 10. exf5 Bxf5 11. h3 Be6 12. g4 Nf6 13. Bg5 Ne7 14. Nxf6+ Bxf6 15. Bxf6 Rxf6 16. b3 c6 17. d4 exd4 18. Nxd4 Bd7 19. Qd2 Qf8 20. Rae1 Re8 21. Re2 Nc8 22. Rfe1 Rxe2 23. Rxe2 Rf7 1/2-1/2

[Event "SCG-chT2"]
[Site "Sutomore"]
[Date "2004.09.11"]
[Round "3.4"]
[White "Darmanovic, Srdjan"]
[Black "Dragovic, Aleksandar"]
[Result "1/2-1/2"]
[WhiteElo "2186"]
[BlackElo "2269"]
[PlyCount "28"]
[EventDate "2004.09.10"]
[EventType "team-tourn"]
[EventRounds "9"]
[EventCountry "YUG"]
[SourceTitle "CBM 102 Extra"]
[Source "ChessBase"]
[SourceDate "2004.11.03"]
[SourceVersion "1"]
[SourceVersionDate "2004.11.03"]
[SourceQuality "1"]
[WhiteTeam "09"]
[BlackTeam "05"]
[WhiteTeamCountry "YUG"]
[BlackTeamCountry "YUG"]

1. c4 e6 2. Nf3 d5 3. b3 Nf6 4. g3 Be7 5. Bg2 0-0 6. 0-0 Nbd7 7. Bb2 b6 8. e3 c5 9. Qe2 Ba6 10. Rd1 Rc8 11. Nc3 Qc7 12. d3 Rfd8 13. Rac1 Qb8 14. a4 Bb7 1/2-1/2